[Event "Senta op-B 17th"]
[Site "Senta"]
[Date "2013.07.16"]
[Round "5"]
[White "Uveric, Nebojsa"]
[Black "Jovanovic, Stojan"]
[Result "1-0"]
[WhiteElo "1479"]
[BlackElo "1678"]
[PlyCount "53"]
[EventDate "2013.07.13"]
[EventType "swiss"]
[EventRounds "9"]
[EventCountry "SRB"]
[SourceTitle "EXT 2014"]
[Source "ChessBase"]
[SourceDate "2013.11.20"]
[SourceVersion "1"]
[SourceVersionDate "2013.11.20"]
[SourceQuality "1"]

1. e4 e6 2. d4 d5 3. e5 c5 4. c3 Nc6 5. Nf3 Qb6 6. Be2 cxd4 7. cxd4 Bb4+ 8. Nc3 Nge7 9. 0-0 Nf5 10. a3 Be7 11. Na4 Qc7 12. Bf4 Bd7 13. Rc1 Qd8 14. Nc5 Bxc5 15. dxc5 Nce7 16. Bg5 h6 17. Bf4 Ng6 18. Bd2 Nfh4 19. Nxh4 Nxh4 20. f4 0-0 21. Bd3 Nf5 22. Bb1 g6 23. g4 Ng7 24. Qf3 h5 25. h3 Qh4 26. g5 Nf5 27. Bxf5 1-0

[Event "Senta op-B 17th"]
[Site "Senta"]
[Date "2013.07.14"]
[Round "3"]
[White "Milanovic, Maja"]
[Black "Jovanovic, Stojan"]
[Result "1-0"]
[WhiteElo "1969"]
[BlackElo "1678"]
[PlyCount "57"]
[EventDate "2013.07.13"]
[EventType "swiss"]
[EventRounds "9"]
[EventCountry "SRB"]
[SourceTitle "EXT 2014"]
[Source "ChessBase"]
[SourceDate "2013.11.20"]
[SourceVersion "1"]
[SourceVersionDate "2013.11.20"]
[SourceQuality "1"]

1. e4 c6 2. d4 d5 3. exd5 cxd5 4. Bd3 Nf6 5. Bf4 Nc6 6. c3 Bg4 7. Qb3 Na5 8. Qa4+ Nc6 9. Nd2 Bd7 10. Qd1 Qc8 11. Ngf3 Bf5 12. Qe2 Bxd3 13. Qxd3 e6 14. 0-0 Be7 15. Rfe1 0-0 16. Ne5 Nh5 17. Be3 Nxe5 18. dxe5 g6 19. Bh6 Ng7 20. Qh3 Qd8 21. Nf3 Re8 22. g4 Rc8 23. Kh1 Rc4 24. Rad1 Qb6 25. Rd2 a5 26. Rg1 Re4 27. Be3 Qd8 28. Qh6 Bf8 29. Ng5 1-0